000 00938nam a2200229 i 4500
001 156382
003 ES-MaACL
005 20260201063016.0
008 970226s1862 fr a |||| | fre d
040 _aCLM
_bspa
_cCCPB | SIC
100 1 _aJoanne, Adolphe,
_d1823-1881
_966678
245 1 0 _aItinéraire général de la France /
_cpar Adolphe Joanne.
260 _aParis :
_bLibrairie de l' Hachette et Cie,
_c1862 (
_fImp. de Ch. Lahure et Cie)
300 _aLXXII, 767 p., [5] h. de map., [6] h. de map. pleg. :
_bil. ;
_c19 cm.
490 1 _aCollection desguides-Joanne
505 8 _aContiene : "Les Pyrénées et le réseau deschemins de fer du Midi et des Pyrénées"
599 _aIl. xil. : "Gravé... par. Gerin, la lettre par P. Rousset"
651 0 4 _aPirineos-
_xDescripción.
_99233
830 0 _aCollection desguides-Joanne
_9221662
852 _aES-MaACL
_jC-3066
_z-- Enc. tela
999 _c156382
_d156382